000 01459cam a22003854a 4500
999 _c524363
_d524363
001 13137147
003 NUST
005 20190620074108.0
008 030321s2004 njua b 001 0 eng
010 _a 2003006803
020 _a1588290670 (alk. paper)
035 _a(DNLM)101171980
038 _aASAB
040 _aDNLM/DLC
_cASAB
_dDLC
042 _apcc
050 0 0 _aQP551
_b.P69756 2004
060 1 0 _aW1
_bME9616J v.244 2004
060 1 0 _aQU 25
_bP967 2004
082 0 0 _a547.7/5046
_221
245 0 0 _aProtein purification protocols.
250 _a2nd ed. / edited by Paul Cutler.
260 _aTotowa, N.J. :
_bHumana Press,
_cc2004.
300 _axii, 484 p. :
_bill. ;
_c26 cm.
490 1 _aMethods in molecular biology ; v. 244
504 _aIncludes bibliographical references and index.
650 0 _aProteins
_xPurification
_vLaboratory manuals.
_915183
650 1 2 _aProteins
_xisolation & purification
_vLaboratory Manuals.
_915184
700 1 _aCutler, Paul,
_d1962-
_915185
830 0 _aMethods in molecular biology (Clifton, N.J.) ;
_vv. 244.
_915186
856 4 2 _3Publisher description
_uhttp://www.loc.gov/catdir/enhancements/fy0825/2003006803-d.html
856 4 1 _3Table of contents only
_uhttp://www.loc.gov/catdir/enhancements/fy0825/2003006803-t.html
906 _a7
_bcbc
_corignew
_d1
_eecip
_f20
_gy-gencatlg
942 _2ddc
_cBK